系統名の数字の前につく文字【都営バス編】 - Statistics

General Stats
  • This quiz has been taken 12 times
  • The average score is 34 of 50
Answer Stats
答え 地名など % Correct
東京(駅)
100%
秋葉原
100%
上野
100%
田町
100%
門前仲町
100%
北千住
100%
日暮里
89%
池袋
89%
目白
89%
高田馬場
89%
宿 新宿
89%
渋谷
89%
目黒
89%
品川
89%
浜松町
89%
新橋
89%
亀戸
89%
田端
78%
五反田
78%
両国
78%
錦糸町
78%
東陽町
78%
葛西
78%
浅草
78%
都市新バスシステムに基づき設定された系統
67%
学バス
67%
平井
67%
木場・新木場
67%
西葛 西葛西
67%
海上公園(系統設定当時存在した施設)
67%
中央防波堤
67%
船堀
67%
王子
67%
青梅
67%
飯田橋
56%
新小 新小岩
56%
豊洲市場
56%
豊洲 豊洲
56%
練馬
56%
急行 急行
44%
直行 直行
44%
大井町
44%
早稲田
44%
御茶ノ水
44%
業平橋(現・とうきょうスカイツリー駅)
44%
深夜 深夜バス
33%
RH 六本木ヒルズ(Roppongi Hills)
33%
臨海 臨海車庫・葛西臨海公園
22%
江東 江東区コミュニティバス
11%
C・H 都庁(City Hall)
11%
No matching quizzes found
Score Distribution
Percent of People with Each Score
Percentile by Number Answered
Your Score History
You have not taken this quiz